Fr. Conceicao Rodrigues College of Engineering

Electronics 2 (Record no. 24738)

MARC details
000 -LEADER
fixed length control field 00304nam a2200145Ia 4500
100 ## - MAIN ENTRY--PERSONAL NAME
Personal name Goyal/ S.C./ Mahaley/A.K.
245 ## - TITLE STATEMENT
Title Electronics 2
260 ## - PUBLICATION, DISTRIBUTION, ETC.
Name of publisher, distributor, etc. Tech. Publications
Place of publication, distribution, etc. Pune
Date of publication, distribution, etc. 1997
300 ## - PHYSICAL DESCRIPTION
Extent 328
490 ## - SERIES STATEMENT
Volume/sequential designation 2
546 ## - LANGUAGE NOTE
Language note ENGLISH
654 ## - SUBJECT ADDED ENTRY--FACETED TOPICAL TERMS
Focus term Electronics 2
942 ## - ADDED ENTRY ELEMENTS (KOHA)
Koha item type BOOK
Holdings
Withdrawn status Lost status Damaged status Not for loan Collection Home library Current library Shelving location Date acquired Total Checkouts Full call number Barcode Date due Date last seen Date last checked out Price effective from Koha item type
        CRC Fr. Agnel's C.Rodrigues College of Engineering Fr. Agnel's C.Rodrigues- College of Engineering   17/03/2023 1 9385 19/03/2009 05/06/2023 05/06/2023 17/03/2023 BOOK